[Event "HUN-chT1 9697"]
[Site "Hungary"]
[Date "1996.??.??"]
[Round "3"]
[White "Szabolcsi, Janos"]
[Black "Szabo, Zsolt"]
[Result "1/2-1/2"]
[WhiteElo "2460"]
[BlackElo "2370"]
[PlyCount "129"]
[EventDate "1996.??.??"]
[Source "www.chesslib.no"]
[SourceDate "2004.05.04"]

1. d4 e6 2. Nf3 f5 3. g3 Nf6 4. Bg2 Be7 5. O-O O-O 6. c4 d6 7. Nc3 Qe8 8. b3 a5 9. Ba3 Na6 10. Qd2 Rb8 11. Rfe1 Qg6 12. d5 Ne4 13. Nxe4 fxe4 14. Nd4 exd5 15. cxd5 Nc5 16. Nb5 Bg5 17. Qxa5 e3 18. f3 b6 19. Qb4 Bf4 20. Qc3 Bxg3 21. hxg3 Qxg3 22. Qxe3 Ne4 23. Rf1 Bh3 24. Rf2 Rbe8 25. Nxc7 Re5 26. Ne6 Bxe6 27. dxe6 Ng5 28. Bxd6 Nh3+ 29. Kh1 Nxf2+ 30. Kg1 Nh3+ 31. Kh1 Rxe3 32. Bxg3 Ng5 33. e7 Rf6 34. Bc7 Kf7 35. Bd8 Ke8 36. Rc1 Ne4 37. Bh3 Nc3 38. Rc2 Nxe2 39. Bg4 Nc3 40. Rd2 Rfxf3 41. Bxf3 Rxf3 42. Kg2 Rf6 43. a4 h5 44. Kh3 g5 45. Rd3 Ne4 46. Re3 Nf2+ 47. Kg2 g4 48. Re5 Nh3 49. Kg3 Rf3+ 50. Kh4 Nf4 51. Kg5 g3 52. Bxb6 g2 53. b4 h4 54. Kg4 h3 55. Rh5 Rf1 56. Rh7 Nd3 57. Rxh3 g1=Q+ 58. Bxg1 Rxg1+ 59. Kf5 Nxb4 60. Kf6 Rf1+ 61. Ke6 Re1+ 62. Kd6 Rd1+ 63. Kc5 Nd3+ 64. Kc4 Ne5+ 65. Kb3 1/2-1/2

[Event "Moscow Ch"]
[Site "Moscow RUS"]
[Date "1994.??.??"]
[Round "?"]
[White "Korotylev, Alexey"]
[Black "Kobalia, Mikhail"]
[Result "1/2-1/2"]
[WhiteElo "2415"]
[BlackElo "2415"]
[PlyCount "58"]
[EventDate "1994.??.??"]
[Source "www.chesslib.no"]
[SourceDate "2004.05.04"]

1. Nf3 e6 2. g3 f5 3. Bg2 Nf6 4. O-O Be7 5. c4 O-O 6. Nc3 d6 7. d4 Qe8 8. b3 a5 9. Bb2 Na6 10. e3 Bd8 11. Qe2 e5 12. e4 fxe4 13. Nxe4 Nxe4 14. Qxe4 exd4 15. Qxd4 Bf6 16. Qd2 Bxb2 17. Qxb2 Nc5 18. Rfe1 Qd8 19. Re3 Bd7 20. Rae1 Re8 21. h4 h6 22. Qd2 Rxe3 23. Rxe3 Qf6 24. Nd4 c6 25. a3 Re8 26. Rxe8+ Bxe8 27. b4 axb4 28. axb4 Ne6 29. Nb3 Nd8 1/2-1/2

[Event "It \"]
[Site "Prague CZE"]
[Date "1988.??.??"]
[Round "?"]
[White "Danner, Georg"]
[Black "Polaczek, Richard"]
[Result "1/2-1/2"]
[WhiteElo "2405"]
[BlackElo "2420"]
[PlyCount "97"]
[EventDate "1988.??.??"]
[Source "www.chesslib.no"]
[SourceDate "2004.05.04"]

1. d4 e6 2. c4 f5 3. g3 Nf6 4. Bg2 Be7 5. Nf3 O-O 6. O-O d6 7. Nc3 Qe8 8. b3 Qh5 9. Ba3 Nbd7 10. e3 Re8 11. Ne1 Qh6 12. Nd3 e5 13. dxe5 dxe5 14. Bxe7 Rxe7 15. Qd2 c6 16. Rad1 e4 17. Nf4 g5 18. Qd6 Re8 19. Nfe2 Ne5 20. Nd4 Be6 21. h3 Nf3+ 22. Nxf3 exf3 23. Bxf3 Qxh3 24. Rd4 f4 25. Ne4 Nxe4 26. Rxe4 fxg3 27. Qxg3 Qxg3+ 28. fxg3 Bh3 29. Rd1 Rxe4 30. Bxe4 Re8 31. Rd4 Kg7 32. c5 Rf8 33. Kh2 Bf5 34. Bg2 Kf6 35. g4 Be6 36. Kg3 Rf7 37. Bf3 Ke5 38. Re4+ Kf6 39. Ra4 a6 40. Rd4 Ke5 41. Re4+ Kf6 42. Rd4 Rd7 43. Rxd7 Bxd7 44. b4 Ke5 45. Kf2 Be6 46. a3 Bd5 47. Bd1 h6 48. Ke2 a5 49. Kf2 1/2-1/2

[Event "Budapest HUN"]
[Site "?"]
[Date "2005.08.13"]
[Round "8"]
[White "Jakab Attila"]
[Black "Boe Mads"]
[Result "1/2-1/2"]
[WhiteElo "2461"]
[BlackElo "2364"]
[PlyCount "41"]
[EventDate "2005.??.??"]
[Source "www.chesslib.no"]
[SourceDate "2004.05.04"]

1. d4 f5 2. Nf3 Nf6 3. g3 e6 4. Bg2 Be7 5. O-O O-O 6. c4 d6 7. Nc3 Qe8 8. b3 c6 9. Re1 d5 10. Ne5 Nbd7 11. Nd3 Bd6 12. cxd5 exd5 13. b4 Qe7 14. Qb3 Kh8 15. Bf4 Bxf4 16. Nxf4 Ne4 17. Nd3 a6 18. a4 Nb6 19. e3 Nc4 20. f3 Ned6 21. f4 1/2-1/2

[Event "Mar del Plata Open"]
[Site "Mar del Plata ARG"]
[Date "1994.??.??"]
[Round "3"]
[White "Sorokin, Maxim"]
[Black "Langier, Daniel"]
[Result "0-1"]
[WhiteElo "2520"]
[BlackElo "2305"]
[PlyCount "94"]
[EventDate "1994.04.??"]
[Source "www.chesslib.no"]
[SourceDate "2004.05.04"]

1. Nf3 f5 2. g3 Nf6 3. Bg2 e6 4. O-O Be7 5. d4 O-O 6. c4 d6 7. Nc3 Qe8 8. b3 a5 9. Ba3 Na6 10. Rc1 Rb8 11. Qc2 c6 12. Nd2 e5 13. e3 Nb4 14. Bxb4 axb4 15. Na4 b6 16. dxe5 dxe5 17. c5 b5 18. Nb6 e4 19. f3 Nd5 20. Nxd5 cxd5 21. Nb1 Qc6 22. a3 bxa3 23. b4 Ra8 24. Nc3 Be6 25. Rfd1 Bf6 26. Ne2 Ra4 27. Nd4 Bxd4 28. Rxd4 a2 29. Ra1 Rfa8 30. f4 Ra3 31. Kf2 Qb7 32. Qd2 Kf8 33. Bf1 Qa6 34. Be2 Rb3 35. Qc1 Qa3 36. Qxa3 Raxa3 37. Rd2 d4 38. Rdxa2 dxe3+ 39. Kg2 Rxa2 40. Rxa2 Rxb4 41. Ra8+ Ke7 42. Ra7+ Kf6 43. Ra6 Rb2 44. Kf1 Ke7 45. Ra7+ Kd8 46. Rb7 Bc4 47. Bxc4 Rf2+ 0-1

[Event "JUG Ch"]
[Site "Kladovo"]
[Date "1991.??.??"]
[Round "3"]
[White "Jukic, Mirko"]
[Black "Rasidovic, Sead"]
[Result "1/2-1/2"]
[WhiteElo "2460"]
[BlackElo "2365"]
[PlyCount "53"]
[EventDate "1991.02.??"]
[Source "www.chesslib.no"]
[SourceDate "2004.05.04"]

1. Nf3 e6 2. c4 f5 3. g3 Nf6 4. Bg2 d6 5. d4 Be7 6. O-O O-O 7. Nc3 Qe8 8. b3 c6 9. Qc2 Qh5 10. e3 Na6 11. Bb2 Bd7 12. a3 Rae8 13. b4 Bd8 14. c5 d5 15. Ne2 g5 16. Nc1 Re7 17. Nd3 Rg7 18. Nfe5 Be8 19. f3 Nb8 20. a4 Nfd7 21. Rae1 Nxe5 22. dxe5 Qg6 23. Bc1 h5 24. e4 h4 25. exf5 Qxf5 26. Qe2 hxg3 27. hxg3 1/2-1/2

[Event "Spring Open"]
[Site "Budapest HUN"]
[Date "1991.??.??"]
[Round "4"]
[White "Hansen, Sune Berg"]
[Black "Magomedov, Magaram"]
[Result "1-0"]
[WhiteElo "2355"]
[BlackElo "2470"]
[PlyCount "77"]
[EventDate "1991.03.??"]
[Source "www.chesslib.no"]
[SourceDate "2004.05.04"]

1. d4 e6 2. c4 f5 3. g3 Nf6 4. Bg2 Be7 5. Nf3 O-O 6. O-O d6 7. Nc3 Qe8 8. b3 Qh5 9. Ba3 a5 10. d5 Ne4 11. Nb5 Na6 12. dxe6 Bxe6 13. Bb2 Rae8 14. e3 Qh6 15. Nfd4 Bc8 16. Nc3 Bd8 17. a3 Nf6 18. Qc2 Qh5 19. Nd5 Ng4 20. Nf3 c6 21. Nf4 Qh6 22. Nd3 Nc7 23. c5 Nd5 24. cxd6 Qxd6 25. Bd4 Qh6 26. h3 Ngf6 27. b4 Ne4 28. b5 f4 29. Nxf4 Nxf4 30. exf4 Bxh3 31. bxc6 bxc6 32. Ne5 Nf6 33. Qxc6 Bf5 34. Rfe1 Re6 35. Qc4 Rfe8 36. Re3 Qh5 37. Bf3 Qh3 38. Rae1 h5 39. Bg2 1-0

[Event "Slovak League"]
[Site "Slovak League"]
[Date "1995.??.??"]
[Round "?"]
[White "Konopka, Michal"]
[Black "Salai, Ladislav"]
[Result "1/2-1/2"]
[WhiteElo "2395"]
[BlackElo "2425"]
[PlyCount "57"]
[EventDate "1995.??.??"]
[Source "www.chesslib.no"]
[SourceDate "2004.05.04"]

1. Nf3 f5 2. d4 Nf6 3. g3 e6 4. Bg2 Be7 5. O-O O-O 6. c4 d6 7. Nc3 Qe8 8. b3 a5 9. Ba3 Na6 10. Ne1 e5 11. Nc2 Rb8 12. Qd2 Kh8 13. e4 Nb4 14. exf5 Nxc2 15. Qxc2 exd4 16. Nb5 c5 17. Rae1 Qd8 18. Qe2 Re8 19. g4 Rg8 20. h3 Ne8 21. Bc1 Nf6 22. Qd3 Nh5 23. a4 Qe8 24. Bf4 Nf6 25. Rc1 Bxf5 26. Be4 Ra8 27. b4 Bd7 28. Bf5 Bc8 29. Rc3 1/2-1/2

[Event "Moscow"]
[Site "?"]
[Date "1995.??.??"]
[Round "?"]
[White "Kastanieda, G."]
[Black "Kobalija, M."]
[Result "1/2-1/2"]
[WhiteElo "2405"]
[BlackElo "2415"]
[PlyCount "52"]
[EventDate "1995.??.??"]
[Source "ChessBase"]
[SourceDate "1995.06.01"]

1. d4 f5 2. Nf3 Nf6 3. g3 e6 4. Bg2 Be7 5. O-O O-O 6. c4 d6 7. Nc3 Qe8 8. b3 a5 9. Bb2 Na6 10. Re1 Qg6 11. a3 Rb8 12. Qc2 Bd7 13. e4 fxe4 14. Nxe4 Nxe4 15. Qxe4 Qxe4 16. Rxe4 b5 17. c5 dxc5 18. Ne5 Be8 19. Bh3 cxd4 20. Bxe6+ Kh8 21. Rxd4 Nc5 22. Bd5 Bf6 23. f4 c6 24. Rc1 Nd7 25. Bxc6 Nxe5 26. fxe5 Bxe5 1/2-1/2

[Event "Sitges op"]
[Site "?"]
[Date "1996.??.??"]
[Round "5"]
[White "Beltran de Heredia Alonso Jes"]
[Black "Lupu Mircea Sergiu"]
[Result "1/2-1/2"]
[WhiteElo "2340"]
[BlackElo "2480"]
[PlyCount "122"]
[EventDate "1996.??.??"]
[Source "www.chesslib.no"]
[SourceDate "2004.05.04"]

1. Nf3 e6 2. c4 f5 3. g3 Nf6 4. Bg2 Be7 5. O-O O-O 6. b3 d6 7. d4 a5 8. Nc3 Qe8 9. Bb2 Na6 10. e3 Kh8 11. a3 Rb8 12. Qe2 Bd7 13. Rfe1 Qh5 14. Nd2 Qh6 15. e4 e5 16. Nd5 Nxd5 17. exd5 e4 18. Bc3 a4 19. b4 Bf6 20. Rac1 b5 21. c5 Be8 22. f3 Bh5 23. Qf2 Bg5 24. f4 Be7 25. Nf1 g5 26. Bd2 g4 27. Ne3 Be8 28. Bf1 Qg6 29. Nd1 c6 30. dxc6 d5 31. Nc3 Nc7 32. Be3 Bxc6 33. Be2 Bf6 34. Rcd1 Rf7 35. Rd2 Rg7 36. Qg2 h5 37. Kf2 h4 38. Rh1 Rh7 39. Ke1 Kg7 40. Bf1 Rbh8 41. Rg1 Qe8 42. Kd1 Kf7 43. Kc2 Qg8 44. Qe2 Qg7 45. Qd1 hxg3 46. hxg3 Rh2 47. Rxh2 Rxh2+ 48. Rg2 Qh8 49. Qd2 Rxg2 50. Bxg2 Ne6 51. Ne2 Qh2 52. Bf1 Ke7 53. Kc3 Qh1 54. Ng1 Kf7 55. Qg2 Qh8 56. Ne2 Kg6 57. Qg1 Qd8 58. Kc2 Qe7 59. Kd2 Qf8 60. Kc2 Qd8 61. Kd2 Qh8 1/2-1/2

[Event "open"]
[Site "Balatonlelle"]
[Date "2004.07.23"]
[Round "5"]
[White "Medvegy, Zoltan"]
[Black "Kun, Gabor"]
[Result "1-0"]
[WhiteElo "2456"]
[BlackElo "2354"]
[PlyCount "83"]
[EventDate "2004.07.19"]
[Source "Roberto Alvarez"]
[SourceDate "2004.08.17"]

1. d4 e6 2. Nf3 f5 3. g3 Nf6 4. Bg2 Be7 5. O-O O-O 6. c4 d6 7. Nc3 Qe8 8. b3 Qh5 9. Ba3 Rf7 10. c5 Bd7 11. cxd6 cxd6 12. Ne1 a5 13. Nd3 g5 14. e3 Qh6 15. Qe2 Bc6 16. Rac1 Ne4 17. Nxe4 fxe4 18. Ne1 Nd7 19. f3 exf3 20. Nxf3 Raf8 21. Nd2 Rxf1+ 22. Rxf1 Bxg2 23. Qxg2 g4 24. Qe4 Bg5 25. Rxf8+ Nxf8 26. Nf1 Qg6 27. Qxg6+ Nxg6 28. Bxd6 Kf7 29. Bc7 a4 30. bxa4 Ne7 31. Bd8 Ke8 32. Bxe7 Kxe7 33. Kf2 h5 34. Ke2 e5 35. Kd3 Ke6 36. Ke4 exd4 37. exd4 Bd8 38. Ne3 Ba5 39. Nd5 Be1 40. Nf4+ Kd6 41. Nxh5 Bf2 42. Nf6 1-0

[Event "NOR Ch"]
[Site "Norway"]
[Date "1975.??.??"]
[Round "6"]
[White "Ogaard, Leif"]
[Black "Hoen, Ragnar H"]
[Result "1-0"]
[WhiteElo "2460"]
[BlackElo "2350"]
[PlyCount "59"]
[EventDate "1975.??.??"]
[Source "www.chesslib.no"]
[SourceDate "2004.05.04"]

1. d4 f5 2. g3 Nf6 3. Bg2 e6 4. Nf3 Be7 5. O-O O-O 6. c4 d6 7. Nc3 Qe8 8. b3 a5 9. Bb2 Na6 10. e3 Bd8 11. Qe2 Qh5 12. e4 fxe4 13. Nxe4 e5 14. dxe5 dxe5 15. c5 Kh8 16. c6 bxc6 17. Qc4 Nxe4 18. Qxe4 Bf6 19. Bxe5 Bg4 20. Bxf6 Rxf6 21. Ne5 Bh3 22. Bxh3 Qxh3 23. Rac1 Nb4 24. a3 Nd5 25. Rxc6 Rd8 26. Rxf6 Nxf6 27. Qc4 Rd5 28. Qxc7 h6 29. Ng6+ Kh7 30. Nf4 1-0

[Event "Cannes Martinez"]
[Site "Cannes"]
[Date "1995.??.??"]
[Round "8"]
[White "Bezold, Michael"]
[Black "Goldgewicht, Lionel"]
[Result "1-0"]
[WhiteElo "2495"]
[BlackElo "2305"]
[PlyCount "77"]
[EventDate "1995.01.??"]
[Source "ChessBase"]

1. c4 e6 2. Nf3 f5 3. g3 Nf6 4. Bg2 Be7 5. O-O O-O 6. Nc3 d6 7. d4 Qe8 8. b3 a5 9. Bb2 Na6 10. Rc1 Qh5 11. e3 Kh8 12. Ne1 Qh6 13. a3 Rb8 14. Nd3 c6 15. Qe2 Bd7 16. e4 fxe4 17. Nxe4 Nxe4 18. Qxe4 e5 19. dxe5 Bf5 20. Qe2 Bxd3 21. Qxd3 dxe5 22. Rcd1 Bf6 23. Qc2 Nc5 24. Rfe1 Qh5 25. b4 axb4 26. axb4 Ne6 27. Qe2 Qxe2 28. Rxe2 Nd4 29. Red2 Ne6 30. Re1 Nd4 31. f4 Rbd8 32. Red1 Be7 33. fxe5 Ne2+ 34. Kh1 Rxd2 35. Rxd2 Rf2 36. Rd7 Bxb4 37. Rxb7 Bf8 38. e6 Bc5 39. e7 1-0

[Event "FIN Ch"]
[Site "Espoo"]
[Date "1985.??.??"]
[Round "?"]
[White "Yrjola, Jouni"]
[Black "Pyhala, Antti"]
[Result "1-0"]
[WhiteElo "2500"]
[BlackElo "2295"]
[PlyCount "59"]
[EventDate "1985.??.??"]
[Source "www.chesslib.no"]
[SourceDate "2004.05.04"]

1. d4 f5 2. Nf3 Nf6 3. g3 e6 4. Bg2 Be7 5. O-O O-O 6. c4 d6 7. Nc3 Qe8 8. b3 a5 9. Bb2 Na6 10. Re1 Qg6 11. e4 Nxe4 12. Nxe4 fxe4 13. Rxe4 e5 14. Nh4 Qf7 15. Qe2 g5 16. dxe5 gxh4 17. e6 Qxf2+ 18. Qxf2 Rxf2 19. Kxf2 Nc5 20. Rg4+ Kf8 21. Kg1 Bxe6 22. Rg7 hxg3 23. hxg3 c6 24. Rxh7 Rd8 25. Rf1+ Ke8 26. Re1 Rd7 27. Bd4 Bf6 28. Bxc5 Rxh7 29. Rxe6+ Kf7 30. Rxd6 1-0

[Event "Buenos Aires ARG, Team Ch 2005"]
[Site "?"]
[Date "2005.06.09"]
[Round "6.3"]
[White "Julia Ernesto A"]
[Black "Bianchi Guillermo"]
[Result "1/2-1/2"]
[WhiteElo "2370"]
[BlackElo "2425"]
[PlyCount "32"]
[EventDate "2005.??.??"]
[Source "www.chesslib.no"]
[SourceDate "2004.05.04"]

1. d4 f5 2. c4 e6 3. g3 Nf6 4. Bg2 Be7 5. Nf3 d6 6. O-O O-O 7. Nc3 Qe8 8. b3 Qh5 9. Bb2 g5 10. e3 Nbd7 11. Ne1 Qh6 12. Nd3 c6 13. e4 e5 14. dxe5 Ng4 15. h3 Ngxe5 16. f4 Nxd3 1/2-1/2

[Event "First Saturday GM - Maggio 2008"]
[Site "Budapest UNG"]
[Date "2008.05.07"]
[Round "5"]
[White "Akesson, Ralf"]
[Black "Taylor, Timothy"]
[Result "1-0"]
[WhiteElo "2466"]
[BlackElo "2326"]
[PlyCount "63"]
[EventDate "2008.05.03"]
[Source "www.chesslib.no"]
[SourceDate "2004.05.04"]

1. d4 e6 2. Nf3 f5 3. g3 Nf6 4. Bg2 Be7 5. O-O O-O 6. b3 d6 7. Bb2 Qe8 8. c4 Qh5 9. Nc3 Na6 10. e3 c5 11. Re1 Bd7 12. Ne5 Ng4 13. Nxg4 fxg4 14. h3 Qf5 15. Rf1 gxh3 16. Bxb7 Nb4 17. Be4 Qg5 18. dxc5 d5 19. cxd5 Bxc5 20. Kh2 Rad8 21. f4 Qh6 22. Qf3 exd5 23. Nxd5 Bg4 24. Qxg4 Nxd5 25. Bxd5+ Rxd5 26. Rad1 Rxd1 27. Rxd1 Bxe3 28. Rd7 Rf7 29. Rxf7 Kxf7 30. Qd7+ Kf8 31. Ba3+ Kg8 32. Qe8# 1-0

[Event "Tchigorine (memorial)"]
[Site "?"]
[Date "2004.10.20"]
[Round "5.38"]
[White "Solozhenkin Evgeny"]
[Black "Khropov Boris"]
[Result "1-0"]
[WhiteElo "2501"]
[BlackElo "2286"]
[PlyCount "133"]
[EventDate "2004.??.??"]
[Source "www.chesslib.no"]
[SourceDate "2004.05.04"]

1. d4 e6 2. c4 f5 3. g3 Nf6 4. Bg2 Be7 5. Nf3 O-O 6. O-O d6 7. Nc3 Qe8 8. b3 Kh8 9. Bb2 Bd8 10. Re1 d5 11. e3 c6 12. Ne2 Rg8 13. Ne5 g5 14. f3 Nbd7 15. Rc1 Rg7 16. Rc2 h5 17. Qd3 h4 18. gxh4 gxh4 19. Kh1 Nh5 20. c5 Be7 21. Bh3 Qf8 22. Rec1 Nxe5 23. dxe5 Bd7 24. f4 Qf7 25. Bd4 Rag8 26. Rg1 Kh7 27. Qc3 Bd8 28. Rcc1 Rxg1+ 29. Rxg1 Rxg1+ 30. Nxg1 Ng7 31. Bf1 Be8 32. Nf3 Kg8 33. Qe1 b5 34. Nxh4 Qh5 35. Ng2 Qf3 36. Be2 Qh3 37. a4 a6 38. axb5 axb5 39. Qd1 Qh6 40. Qa1 Be7 41. Qa8 Kh7 42. Qa7 Bh4 43. Kg1 Qg6 44. Bc3 Bd8 45. Qa8 Be7 46. Qa7 Qf7 47. Ba5 Qf8 48. b4 Kg6 49. Bc7 Qf7 50. Qa8 Bd7 51. Qh8 Qe8 52. Nh4+ Bxh4 53. Qxh4 Qa8 54. Ba5 Kf7 55. Kf2 Kg8 56. Qg5 Qe8 57. h4 Kh7 58. h5 Qf7 59. h6 Ne8 60. Bh5 Qf8 61. Qg6+ Kh8 62. Bd8 Qg8 63. Qg5 Kh7 64. Qxg8+ Kxg8 65. Bg6 Kf8 66. Kg3 Kg8 67. Kh4 1-0

[Event "Oberliga Bayern 9596"]
[Site "Bayern"]
[Date "1996.??.??"]
[Round "?"]
[White "Bachmayr, Peter"]
[Black "Naumkin, Igor"]
[Result "1-0"]
[WhiteElo "2305"]
[BlackElo "2480"]
[PlyCount "53"]
[EventDate "1995.10.??"]
[Source "www.chesslib.no"]
[SourceDate "2004.05.04"]

1. d4 e6 2. c4 f5 3. Nf3 Nf6 4. g3 Be7 5. Bg2 O-O 6. O-O d6 7. b3 Qe8 8. Bb2 Qh5 9. Nc3 a5 10. Re1 d5 11. Ne5 c6 12. f3 Nbd7 13. Nd3 Bd6 14. e4 dxe4 15. fxe4 Ng4 16. h3 Bxg3 17. exf5 exf5 18. Ba3 c5 19. Nd5 Ra6 20. dxc5 Qh4 21. c6 bxc6 22. Ne7+ Kh8 23. Nxf5 Rxf5 24. Re8+ Nf8 25. Qxg4 Bf2+ 26. Kh2 Kg8 27. Qxf5 1-0

[Event "7th Amplico AIG Life"]
[Site "Warsaw POL"]
[Date "2007.12.15"]
[Round "8"]
[White "Urban, K."]
[Black "Lahiri, A."]
[Result "0-1"]
[WhiteElo "2489"]
[BlackElo "2290"]
[PlyCount "80"]
[EventDate "2007.12.15"]
[Source "www.chesslib.no"]
[SourceDate "2004.05.04"]

1. Nf3 f5 2. c4 Nf6 3. g3 d6 4. d4 e6 5. Bg2 Be7 6. O-O O-O 7. b3 Qe8 8. Nc3 a5 9. Re1 Ne4 10. Qc2 Nxc3 11. Qxc3 Nc6 12. Bb2 e5 13. c5 e4 14. cxd6 cxd6 15. Qc4+ Kh8 16. Nd2 Bd7 17. a3 Rc8 18. Qd5 Rf6 19. Rac1 Be6 20. Qb5 d5 21. Qxb7 f4 22. Nxe4 dxe4 23. Bxe4 fxg3 24. hxg3 Bd7 25. d5 Rb8 26. Qa6 Ne5 27. Qxa5 Qh5 28. Bxe5 Qxe5 29. Qc7 Qxe4 30. Rc4 Qxd5 31. Qxb8+ Rf8 32. Qa7 Bh3 33. e4 Qh5 34. Rc3 Bf6 35. Qc5 Qf7 36. e5 Be7 37. Qa7 Qd5 38. f3 Qd2 39. Qf2 Qxc3 40. Qe3 Bc5 0-1

[Event "Promesas"]
[Site "Ronda ESP"]
[Date "2007.11.01"]
[Round "2"]
[White "Minzer, C."]
[Black "Paz Ladron de Guevara, D."]
[Result "1-0"]
[WhiteElo "2417"]
[BlackElo "2362"]
[PlyCount "99"]
[EventDate "2007.10.31"]
[Source "www.chesslib.no"]
[SourceDate "2004.05.04"]

1. d4 e6 2. Nf3 f5 3. g3 Nf6 4. Bg2 Be7 5. O-O O-O 6. c4 d6 7. Nc3 a5 8. b3 Qe8 9. Re1 Ne4 10. Nxe4 fxe4 11. Nd2 d5 12. f3 Bb4 13. fxe4 dxc4 14. Qc2 cxb3 15. axb3 c5 16. e3 Nc6 17. Bb2 cxd4 18. exd4 e5 19. d5 Nd4 20. Bxd4 exd4 21. Rf1 Bg4 22. Rxf8+ Qxf8 23. Nc4 b5 24. Ne5 Rc8 25. Qd3 h5 26. h3 Rc3 27. Qxb5 Rc5 28. Qa6 Bc8 29. Qg6 Bd2 30. Qxh5 Rc1+ 31. Rxc1 Bxc1 32. Ng6 Be3+ 33. Kh2 Qf2 34. Qh8+ Kf7 35. Ne5+ Ke7 36. Qxg7+ Kd6 37. Nf3 d3 38. Qe5+ Kd7 39. Qg7+ Kd6 40. Qf6+ Kc7 41. Qc3+ Bc5 42. Qxd3 Kb6 43. d6 Bd7 44. e5 Qe3 45. Qd5 Qf2 46. h4 Be3 47. e6 Bc6 48. Qf5 Bc5 49. d7 Kc7 50. Qf6 1-0

[Event "Olot op  M4"]
[Site "?"]
[Date "1993.??.??"]
[Round "2"]
[White "Kolev"]
[Black "Raurell"]
[Result "1/2-1/2"]
[WhiteElo "2500"]
[BlackElo "2275"]
[PlyCount "110"]
[EventDate "1993.??.??"]
[Source "www.chesslib.no"]
[SourceDate "2004.05.04"]

1. d4 f5 2. g3 Nf6 3. Bg2 e6 4. Nf3 Be7 5. O-O O-O 6. c4 d6 7. Nc3 Qe8 8. b3 a5 9. Ba3 Na6 10. Rc1 Nb4 11. Bb2 Qh5 12. a3 Nc6 13. d5 Nd8 14. Nb5 Ne8 15. c5 e5 16. cxd6 cxd6 17. Nc7 Nxc7 18. Rxc7 Bf6 19. Nd2 Nf7 20. e4 Qg6 21. Qc2 f4 22. Rc1 Ng5 23. Rxc8 Raxc8 24. Qxc8 Rxc8 25. Rxc8+ Kf7 26. Rc7+ Kf8 27. Rc8+ Ke7 28. Rc7+ Kd8 29. Rxb7 Qh5 30. f3 fxg3 31. hxg3 Kc8 32. Rb6 Be7 33. Bc3 Bd8 34. Rxd6 Bc7 35. Rc6 Kb7 36. Rxc7+ Kxc7 37. Bxe5+ Kd8 38. Bc3 a4 39. bxa4 Qh6 40. Ba5+ Ke8 41. Bf1 Qf6 42. Kg2 Qh6 43. Bb5+ Kf8 44. Bc7 Nf7 45. f4 g5 46. a5 gxf4 47. Bxf4 Ng5 48. a6 Qh3+ 49. Kg1 Qh5 50. a7 Nh3+ 51. Kg2 Nxf4+ 52. gxf4 Qg4+ 53. Kf2 Qh4+ 54. Kg2 Qg4+ 55. Kf2 Qh4+ 1/2-1/2

[Event "Deizisau GER, Neckar Open 05"]
[Site "?"]
[Date "2005.03.24"]
[Round "1"]
[White "Kempinski Robert"]
[Black "Fleischer Frank"]
[Result "1-0"]
[WhiteElo "2624"]
[BlackElo "2144"]
[PlyCount "80"]
[EventDate "2005.??.??"]
[Source "www.chesslib.no"]
[SourceDate "2004.05.04"]

1. Nf3 e6 2. c4 f5 3. g3 Nf6 4. Bg2 Be7 5. O-O O-O 6. b3 d6 7. d4 Qe8 8. Nc3 Qg6 9. Qc2 c6 10. Ba3 Re8 11. Rad1 Na6 12. b4 Nc7 13. b5 cxb5 14. cxb5 Nfd5 15. Nxd5 Nxd5 16. Qb3 a6 17. b6 Bd7 18. Nd2 Qf7 19. Nc4 Bb5 20. Rc1 Rac8 21. Rc2 Rc6 22. Rfc1 Bf8 23. Na5 Rxc2 24. Qxc2 Nxb6 25. Bxb7 Nd5 26. Bb2 Rb8 27. a4 Be8 28. Bxd5 exd5 29. Bc3 f4 30. Bd2 fxg3 31. hxg3 Bd7 32. Bf4 Qe8 33. Qc7 Rc8 34. Qb7 Rxc1+ 35. Bxc1 Bxa4 36. Qxd5+ Qf7 37. Qa8 Bb5 38. Bf4 Qe6 39. e4 Qf7 40. Nb7 Qg6 1-0

[Event "Niksic"]
[Site "Niksic"]
[Date "1991.??.??"]
[Round "3"]
[White "Nikcevic, Nebojsa"]
[Black "Kontic, Djordjije"]
[Result "1-0"]
[WhiteElo "2440"]
[BlackElo "2325"]
[PlyCount "142"]
[EventDate "1991.04.??"]
[Source "ChessBase"]

1. d4 f5 2. Nf3 Nf6 3. g3 e6 4. Bg2 Be7 5. O-O O-O 6. b3 Qe8 7. c4 d6 8. Nc3 Qg6 9. Qc2 Nc6 10. Ba3 Ne4 11. Nb5 Bd8 12. d5 a6 13. Nxd6 cxd6 14. dxc6 bxc6 15. Nd2 Nc5 16. Bxc6 Bb7 17. Bxb7 Nxb7 18. Rad1 Bc7 19. Qd3 Nc5 20. Bxc5 dxc5 21. Nf3 Rac8 22. Kg2 Qf6 23. Kg1 g5 24. e3 Rf7 25. Qe2 Rg7 26. Ne1 Rf8 27. f4 e5 28. Ng2 Qe6 29. Qf3 gxf4 30. exf4 e4 31. Qe2 Bd8 32. Qd2 Bf6 33. Qd5 Qxd5 34. Rxd5 Bd4+ 35. Kh1 a5 36. Re1 Rgf7 37. Ne3 Kg7 38. Nc2 Bc3 39. Re2 a4 40. Rxc5 Rd8 41. Ne3 Kg6 42. Nd5 Bd4 43. Rb5 axb3 44. axb3 Kh5 45. Kg2 Ra8 46. Rd2 Ba1 47. Ne3 Kg6 48. Rd6+ Rf6 49. Rxf6+ Kxf6 50. Rxf5+ Ke6 51. Rd5 Ra3 52. f5+ Kf7 53. Rb5 Bd4 54. Nd5 Ra2+ 55. Kh3 e3 56. Rb7+ Kf8 57. Re7 e2 58. Re4 Rb2 59. Nf4 Bf6 60. Nxe2 Rxb3 61. Kg4 Kf7 62. Kh5 Rf3 63. Nf4 Rf1 64. h4 Rg1 65. g4 h6 66. Nd5 Bd8 67. f6 Rh1 68. Re3 Rc1 69. Rc3 Rxc3 70. Nxc3 Bxf6 71. Nd5 Bd8 1-0

[Event "Bohemians"]
[Site "Prague"]
[Date "1994.??.??"]
[Round "11"]
[White "Danner, Georg"]
[Black "Zvara, Petr"]
[Result "1-0"]
[WhiteElo "2440"]
[BlackElo "2325"]
[PlyCount "79"]
[EventDate "1994.??.??"]
[Source "ChessBase"]

1. d4 f5 2. g3 Nf6 3. Bg2 e6 4. Nf3 Be7 5. O-O O-O 6. c4 d6 7. Nc3 Qe8 8. b3 Qh5 9. Ba3 Nc6 10. e3 Bd7 11. d5 exd5 12. cxd5 Nd8 13. Ne5 Be8 14. Qxh5 Bxh5 15. Rfc1 a6 16. Rc2 g5 17. Rac1 Ne8 18. f4 h6 19. Rf1 Bf6 20. Nd7 Rf7 21. Nxf6+ Nxf6 22. fxg5 Ng4 23. Bc1 hxg5 24. e4 fxe4 25. Bxe4 Rxf1+ 26. Kxf1 Nf7 27. h3 Nf6 28. Bf5 g4 29. Kg2 gxh3+ 30. Kxh3 Kg7 31. Rf2 Ne5 32. Bg5 Bf3 33. Bxf6+ Kxf6 34. g4 c6 35. Be4 Kg5 36. Bxf3 Nd3 37. Rf1 cxd5 38. Kg3 Rc8 39. Nxd5 Rc2 40. Be4 1-0

[Event "Wattens Open"]
[Site "Wattens"]
[Date "1993.??.??"]
[Round "?"]
[White "Cosma, Ioan"]
[Black "Lupu, Mircea-Sergiu"]
[Result "1-0"]
[WhiteElo "2365"]
[BlackElo "2400"]
[PlyCount "87"]
[EventDate "1993.??.??"]
[Source "www.chesslib.no"]
[SourceDate "2004.05.04"]

1. d4 e6 2. c4 f5 3. g3 Nf6 4. Bg2 Be7 5. Nf3 O-O 6. O-O d6 7. Nc3 a5 8. b3 Qe8 9. Bb2 Qh5 10. e3 Na6 11. Ne1 Qxd1 12. Rxd1 Rb8 13. e4 fxe4 14. Nxe4 Nxe4 15. Bxe4 b5 16. Bc3 b4 17. Bd2 Bf6 18. Be3 Bb7 19. Bxb7 Rxb7 20. d5 Re8 21. Nf3 Nc5 22. Bxc5 dxc5 23. dxe6 Rxe6 24. Rd7 a4 25. Re1 Rxe1+ 26. Nxe1 Be5 27. Nd3 Bd6 28. Rd8+ Kf7 29. Ra8 axb3 30. axb3 Rb6 31. Kg2 Kf6 32. Kf3 g5 33. Kg4 Be7 34. f4 gxf4 35. Nxf4 Kf7 36. Ra7 Bd8 37. Nd5 Rh6 38. h4 Rc6 39. Kf5 Ke8 40. Ra8 Kd7 41. g4 Rh6 42. h5 c6 43. Rxd8+ Kxd8 44. Nf6 1-0

[Event "Cappelle Open"]
[Site "Cappelle la Grande FRA"]
[Date "1995.??.??"]
[Round "8"]
[White "Bouton, Christophe"]
[Black "Naumkin, Igor"]
[Result "1/2-1/2"]
[WhiteElo "2260"]
[BlackElo "2500"]
[PlyCount "54"]
[EventDate "1995.03.??"]
[Source "www.chesslib.no"]
[SourceDate "2004.05.04"]

1. d4 e6 2. c4 f5 3. g3 Nf6 4. Bg2 Be7 5. Nc3 O-O 6. Nf3 d6 7. O-O a5 8. b3 Qe8 9. Bb2 Qh5 10. e3 Qh6 11. Ne1 c6 12. Nd3 Nbd7 13. e4 e5 14. exf5 exd4 15. Bc1 Qh5 16. Ne2 c5 17. Nef4 Qxd1 18. Rxd1 Ne5 19. Ne6 Bxe6 20. fxe6 a4 21. Bf4 axb3 22. Bxe5 dxe5 23. Nxe5 Rxa2 24. Rab1 Ra6 25. Rxb3 Rxe6 26. Nd7 Rd8 27. Nxf6+ Rxf6 1/2-1/2